El procedimiento de extincin̤ causal del contrato por voluntad del trabajador puntos crt̕icos /

Bibliographic Details
Main Author: Talňs Visconti, Eduardo Enrique
Format: eBook
Language:Spanish
Published: Albacete: Editorial Bomarzo, 2016
Subjects:
Online Access:Acceso restringido

MARC

LEADER 00000nam a22000007a 4500
005 20180221234217.0
007 cr|||| ||||
008 180221s2016 es |||||s|||| 00||0 spa d
020 |a 978-84-16608-33-1 
035 |a 20979 
040 |a vLex 
090 |c 7395  |d 7395 
100 1 |a Talňs Visconti, Eduardo Enrique 
245 1 2 |a El procedimiento de extincin̤ causal del contrato por voluntad del trabajador  |h [Recurso electrn̤ico] :  |b puntos crt̕icos /  |c Eduardo Enrique Talňs Visconti 
256 |a Servicio en ln̕ea 
260 |a Albacete:  |b Editorial Bomarzo,  |c 2016 
300 |a 1 recurso electrn̤ico 
500 |a El art. 50 ET posibilita que los trabajadores insten la resolucin̤ indemnizada de su contrato por causas imputables al empresario. Los trabajadores no pueden concluir el contrato por esta va̕ son la intervencin̤ del r̤gano judicial. Esta monograga̕ plantea algunas de las cuestiones ms̀ controvertidas, en relacin̤ con este procedimiento especial de extincin̤ del contrato, con cita de los l︢timos pronunciamientos del TS sobre el particular. 
506 1 |a Disponible solo en los productos indicados  |d vLex Global  |d vLex Global (Academic Edition, excluding Law Schools)  |d vLex Global (U.S. Academic Edition, Law Schools)  |d vLex Global (U.S. Academic Edition, excluding Law Schools)  |d vLex Global (Academic Edition, Law Schools) 
650 0 4 |a Derecho Laboral y Seguridad Social  |z Espaą 
740 0 |a vLex Libros (Servicio en ln̕ea) 
856 4 0 |u http://vlex.com/source/procedimiento-de-extincion-causal-del-contrato-por-voluntad-del-trabajador-puntos-criticos-20979  |z Acceso restringido 
942 |c BOOK 
999 0 |a Labor law and social security